• 首页
  • 本馆介绍
  • 公告通知
  • 最新文献
  • 馆藏检索
  • 电子资源
  • 读者导购
  • 参考咨询
  • 我的图书馆
  • 登录
  • 详细信息显示
  • 放入我的书架
  • 预约/预借图书
  • 作者相关作品
  • 分类相关作品
  • 丛书相关作品
  • 出版社相关作品

书目信息

  • 表格格式
  • 工作单格式
  • 卡片格式
题名:
剑桥欧洲经济史
    
 
作者: 波斯坦 , 米勒 主编 ;钟和 译
分册: 第二卷   中世纪的贸易和工业
出版信息: 北京   经济科学出版社  2004
页数: 11,999页
开本: 25cm
丛书名:
单 册:
中图分类: F755.09 , F150.9
科图分类:
主题词: 对外贸易--经济史--欧洲--中世纪 , 工业经济--经济史--欧洲--中世纪 , 经济史--欧洲 , 对外贸易 , 工业经济 , 经济史
电子资源:
ISBN: 7-5058-2886-X
000 01496nam0 2200349 450
001 003206441
005 20070804111107.78
010    @a7-5058-2886-X@dCNY118.00
100    @a20060104d2004 em y0chiy0110 ea
101 1  @achi@ceng
102    @aCN@b110000
105    @ay z 001yy
200 1  @a剑桥欧洲经济史@9jian qiao ou zhou jing ji shi@h第二卷@i中世纪的贸易和工业@dThe Cambridge economic history of Europe@hVolume II@iTrade and industry in the middle ages@fM.M.波斯坦(M.M.Postan),爱德华·米勒(Edward Miller)主编@g钟和[等]译@zeng
210    @a北京@c经济科学出版社@d2004
215    @a11,999页@d25cm
305    @a据剑桥大学出版社1987年第二版译出
330    @a本书主要探讨了欧洲内部不同国家之间经济联系的渠道与转变。其内容包括:从野蛮欧洲到罗马时代的贸易和工业;西罗马帝国晚期的贸易和工业;欧洲中世纪的贸易;亚洲、非洲及中世纪欧洲的贸易等12章。
510 1  @aCambridge economic history of Europe@hVolume II@iTrade and industry in the middle ages@zeng
515 1  @a中世纪的贸易和工业@9zhong shi ji de mao yi he gong ye
606 0  @a对外贸易@x经济史@y欧洲@z中世纪
606 0  @a工业经济@x经济史@y欧洲@z中世纪
606 0  @a经济史@y欧洲
606 0  @a对外贸易
606 0  @a工业经济
606 0  @a经济史
690    @aF755.09@v4
690    @aF150.9@v4
701  0 @c( )@a波斯坦@9bo si tan@c(Postan, M.M.)@4主编
701  0 @c(英)@a米勒@9mi le@c(Miller, Edward)@4主编
702  0 @a钟和@9zhong he@c(经济学)@4译
801  0 @aCN@bNLC@c20070804
905    @a10447@dF150.9@e152:2
    
    剑桥欧洲经济史.第二卷.中世纪的贸易和工业=The Cambridge economic history of Europe.Volume II.Trade and industry in the middle ages/M.M.波斯坦(M.M.Postan),爱德华·米勒(Edward Miller)主编/钟和[等]译.-北京:经济科学出版社,2004
    11,999页;25cm
    
    
    ISBN 7-5058-2886-X:CNY118.00
    本书主要探讨了欧洲内部不同国家之间经济联系的渠道与转变。其内容包括:从野蛮欧洲到罗马时代的贸易和工业;西罗马帝国晚期的贸易和工业;欧洲中世纪的贸易;亚洲、非洲及中世纪欧洲的贸易等12章。
●
相关链接 在E读中查询图书 在五车中查询图书 在当当中查询图书 在豆瓣中查询图书


正题名:剑桥欧洲经济史     索取号:F150.9/152:2         预约/预借

序号 登录号 条形码 馆藏地/架位号 状态 备注
1 0803469   208034697   第一样本阅览室/ [索取号:F150.9/152:2] 在馆    
2 0803470   208034704   第一借阅区/ [索取号:F150.9/152:2] 在馆    
3 0803471   208034713   第一借阅区/ [索取号:F150.9/152:2] 在馆    
唐山师范学院图书馆 欢迎您!
大连网信软件有限公司© 版权所有